[Event "XXVIII European Club Cup"]
[Site "Eilat ISR"]
[Date "2012.10.11"]
[Round "1"]
[White "Alekseev, Evgeny"]
[Black "Godena, Michele"]
[WhiteElo "2683"]
[BlackElo "2526"]
[Result "1-0"]
[PlyCount "89"]
[EventDate "2012.10.11"]

1. e4 e5 2. Nf3 Nc6 3. Bb5 Bc5 4. c3 Nf6 5. d3 O-O 6. O-O Re8 7. Nbd2 a6 8.
Bxc6 dxc6 9. Nc4 Nd7 10. Re1 Bf8 11. d4 exd4 12. cxd4 Nf6 13. Nce5 Be6 14. h3
Nd7 15. Nd3 f6 16. Qc2 Bf7 17. Bd2 a5 18. b3 Ba3 19. Rad1 Nf8 20. Bc1 Bxc1 21.
Nxc1 Qd7 22. Ne2 Bh5 23. Nh4 Qe7 24. f3 Bf7 25. Nc3 Rad8 26. Qf2 Qb4 27. Qe3
Be6 28. f4 Rd7 29. f5 Bf7 30. Nf3 g6 31. fxg6 Nxg6 32. Rf1 Qe7 33. h4 b5 34. h5
Nf8 35. Qh6 Qb4 36. Rd3 Ne6 37. d5 Qf8 38. Qxf6 Bxh5 39. Ne5 Qxf6 40. Rxf6 Nc5
41. Nxd7 Nxd3 42. Rxc6 Ne5 43. Nxe5 Rxe5 44. Rxc7 b4 45. d6 1-0

[Event "XXVIII European Club Cup"]
[Site "Eilat ISR"]
[Date "2012.10.11"]
[Round "1"]
[White "Valsecchi, Alessio"]
[Black "Lysyj, Igor"]
[WhiteElo "2415"]
[BlackElo "2628"]
[Result "1/2-1/2"]
[PlyCount "230"]
[EventDate "2012.10.11"]

1. Nf3 Nf6 2. c4 b6 3. g3 Bb7 4. Bg2 e6 5. O-O Be7 6. Nc3 O-O 7. b3 d5 8. d3 c5
9. e3 dxc4 10. bxc4 Nc6 11. Qe2 a6 12. Rb1 Qc7 13. Rd1 Rfd8 14. Bb2 Rab8 15. h3
Ba8 16. Ba1 Bf8 17. Rd2 Na7 18. Rc1 Rbc8 19. Qd1 Nc6 20. Ne2 Ne8 21. Nf4 Nd6
22. Ng5 Qe7 23. Qh5 h6 24. Ngxe6 fxe6 25. Nxe6 Re8 26. Bd5 Nf7 27. Qg6 Qd6 28.
Be4 Ng5 29. Bxg7 Ne7 30. Qxh6 Qxe6 31. Bxf8 Qxh6 32. Bxh6 Nxe4 33. dxe4 Bxe4
34. Bg5 Ng6 35. f4 b5 36. Rd6 Nf8 37. Rxa6 bxc4 38. g4 Ne6 39. Bf6 Ra8 40. Rxa8
Bxa8 41. f5 Nf8 42. Rxc4 Nd7 43. Bb2 Rxe3 44. Rc3 Re2 45. Ba3 Rg2+ 46. Kf1 Rxa2
47. Bxc5 Bg2+ 48. Kg1 Nxc5 49. Rxc5 Bxh3 50. f6 Rg2+ 51. Kh1 Rxg4 52. Kh2 Bf1
53. Rf5 Bc4 54. Kh3 Rd4 55. Kg3 Kf7 56. Rf4 Rd3+ 57. Kf2 Be6 58. Ke2 Rd5 59.
Ke3 Bf5 60. Rd4 Ra5 61. Rd6 Be6 62. Kd4 Ra1 63. Rb6 Rd1+ 64. Ke4 Kxf6 65. Ra6
Rc1 66. Ra5 Rc4+ 67. Kd3 Rh4 68. Ke3 Bf5 69. Ra6+ Be6 70. Ra5 Rh1 71. Ke4 Re1+
72. Kd4 Bf5 73. Ra8 Kg5 74. Rg8+ Kf4 75. Rf8 Rd1+ 76. Kc4 Ke5 77. Re8+ Be6+ 78.
Kc3 Rb1 79. Rd8 Rb3+ 80. Kc2 Rh3 81. Re8 Kd5 82. Kd2 Ra3 83. Ke2 Bg4+ 84. Kd2
Kd4 85. Rd8+ Kc4 86. Rd6 Bf3 87. Rd8 Bd5 88. Ke2 Kd4 89. Kf2 Rf3+ 90. Ke2 Rg3
91. Rf8 Rg2+ 92. Rf2 Rg1 93. Rh2 Be4 94. Kf2 Ra1 95. Rh3 Ra2+ 96. Kg3 Ra8 97.
Kf2 Rf8+ 98. Ke2 Rg8 99. Kd2 Rg2+ 100. Kc1 Bd3 101. Kd1 Kc3 102. Re3 Rf2 103.
Re7 Rf1+ 104. Re1 Rf7 105. Re8 Rf2 106. Re7 Rf8 107. Rc7+ Bc4 108. Re7 Bb5 109.
Re3+ Bd3 110. Re7 Rd8 111. Ke1 Rf8 112. Kd1 Rf2 113. Rc7+ Bc4 114. Re7 Bb5 115.
Re3+ Kd4 1/2-1/2

[Event "XXVIII European Club Cup"]
[Site "Eilat ISR"]
[Date "2012.10.12"]
[Round "2"]
[White "Bellini, Fabio"]
[Black "Kytoniemi, Jyrki"]
[WhiteElo "2492"]
[BlackElo "2283"]
[Result "0-1"]
[PlyCount "140"]
[EventDate "2012.10.11"]

1. e4 e6 2. d3 d5 3. Qe2 Be7 4. Nf3 Nf6 5. g3 b6 6. e5 Nfd7 7. Bg2 Bb7 8. O-O
c5 9. c4 d4 10. Na3 a6 11. h4 h6 12. Nc2 Nc6 13. a3 Na5 14. Nd2 Bxg2 15. Kxg2
Qc7 16. f4 g5 17. b4 Nc6 18. b5 axb5 19. cxb5 Na5 20. hxg5 Qb7+ 21. Ne4 hxg5
22. Bd2 Nb3 23. Qf3 Qd5 24. Rad1 Nxd2 25. Rxd2 gxf4 26. gxf4 f5 27. exf6 Nxf6
28. Ng5 Kd7 29. Kg1 Rag8 30. Rg2 Qxf3 31. Rxf3 Nd5 32. Nf7 Rxg2+ 33. Kxg2 Rg8+
34. Kh2 Bd6 35. Nxd6 Kxd6 36. a4 Ra8 37. f5 exf5 38. Rxf5 Rxa4 39. Ne1 Ra2+ 40.
Kg3 Ra3 41. Kf3 Ra1 42. Kf2 Rb1 43. Nf3 Rxb5 44. Ng5 Rb2+ 45. Kf3 Rb3 46. Ke4
Nc3+ 47. Kf4 Ne2+ 48. Kf3 Nc3 49. Rf6+ Kc7 50. Rh6 Rb1 51. Kf4 Rf1+ 52. Ke5
Re1+ 53. Kf5 Kb7 54. Ne6 Nd5 55. Nd8+ Ka6 56. Ne6 Kb5 57. Rh8 Re3 58. Rd8 Nb4
59. Nc7+ Kc6 60. Ne8 Rxd3 61. Rd6+ Kb7 62. Rd7+ Kc6 63. Rd6+ Kb5 64. Nc7+ Kc4
65. Ke6 Rh3 66. Kd7 Rh7+ 67. Kc8 d3 68. Ne6 Nd5 69. Ng5 Rh8+ 70. Kb7 d2 0-1

[Event "XXVIII European Club Cup"]
[Site "Eilat ISR"]
[Date "2012.10.12"]
[Round "2"]
[White "Efimov, Igor"]
[Black "Lehtioksa, Jorma"]
[WhiteElo "2420"]
[BlackElo "2179"]
[Result "0-1"]
[PlyCount "194"]
[EventDate "2012.10.11"]

1. d4 Nf6 2. Nf3 c5 3. d5 b5 4. c4 Bb7 5. Nc3 b4 6. Na4 d6 7. g3 g6 8. Bg2 Bg7
9. O-O O-O 10. Re1 Nbd7 11. e4 Ng4 12. Qc2 Re8 13. Bh3 Nge5 14. Nd2 Nf8 15. f4
Ned7 16. Nf3 e6 17. Bd2 exd5 18. exd5 Qc7 19. Kg2 f5 20. g4 fxg4 21. Bxg4 Nf6
22. Bh3 h6 23. a3 a5 24. axb4 axb4 25. b3 Qf7 26. Rxe8 Rxe8 27. Re1 Rxe1 28.
Nxe1 Nxd5 29. cxd5 Bxd5+ 30. Nf3 Bxb3 31. Qd3 Bxa4 32. Qxd6 b3 33. Ne5 Qb7+ 34.
Kf2 b2 35. Bg2 Qxg2+ 36. Kxg2 b1=Q 37. Qxc5 Qe4+ 38. Kf2 Bxe5 39. fxe5 Bd1 40.
Bxh6 Qf3+ 41. Kg1 Be2 42. Qf2 Qxf2+ 43. Kxf2 Bh5 44. Ke3 Kf7 45. Kf4 Nd7 46. h4
Ke6 47. Bg7 Nc5 48. Bf6 Kd5 49. Be7 Nd3+ 50. Kg3 Kxe5 51. Bg5 Ke4 52. Bh6 Ne5
53. Bg5 Nf3 54. Bd8 Nd4 55. Bg5 Nf5+ 56. Kf2 Bf3 57. Kg1 Ng7 58. Kh2 Nh5 59.
Kh3 Kf5 60. Be3 Be2 61. Bd2 Bf1+ 62. Kh2 Kg4 63. Bg5 Ng7 64. Kg1 Bc4 65. Kf2
Nf5 66. Bf6 Nxh4 67. Bd8 Nf3 68. Ke3 Bd5 69. Be7 Kf5 70. Bd8 Bb7 71. Kf2 Ne5
72. Kg3 Nd7 73. Bc7 g5 74. Ba5 g4 75. Bc7 Nf6 76. Bb8 Bf3 77. Bc7 Ne4+ 78. Kh2
Ke6 79. Bb8 Kd5 80. Bf4 Kd4 81. Kg1 Kd3 82. Bc7 Ke2 83. Kh2 Kf1 84. Be5 Bd1 85.
Bc7 Bb3 86. Be5 Be6 87. Bc7 Kf2 88. Bb8 Nd2 89. Ba7+ Kf3 90. Bb8 Nf1+ 91. Kg1
Bc4 92. Bc7 g3 93. Bb8 g2 94. Bc7 Nd2 95. Bb8 Ne4 96. Bc7 Bf1 97. Kh2 Kg4 0-1

[Event "XXVIII European Club Cup"]
[Site "Eilat ISR"]
[Date "2012.10.12"]
[Round "2"]
[White "Georgiev, Kiril D."]
[Black "Maki, Veijo"]
[WhiteElo "2668"]
[BlackElo "2383"]
[Result "1-0"]
[PlyCount "83"]
[EventDate "2012.10.11"]

1. d4 Nf6 2. Nf3 g6 3. Bg5 Bg7 4. c3 O-O 5. Nbd2 d5 6. e3 Nbd7 7. b4 Re8 8. Be2
e5 9. O-O a5 10. b5 a4 11. Bh4 e4 12. Ne1 Nb6 13. c4 dxc4 14. Nxc4 Nxc4 15.
Bxc4 Be6 16. Qe2 Bxc4 17. Qxc4 Qd5 18. Rc1 Qxc4 19. Rxc4 Ra5 20. Nc2 Rxb5 21.
Bxf6 Bxf6 22. Rxa4 Rb2 23. Rc1 Be7 24. g3 Rd8 25. Kg2 h5 26. Na1 c6 27. Rc2 Rb1
28. Nb3 f5 29. Ra7 Rb8 30. Nd2 Rd1 31. h4 c5 32. dxc5 Bxc5 33. Rxc5 Rxd2 34.
Rc7 Rb2 35. a4 Ra2 36. Ra5 Kf8 37. Rd7 Ra1 38. Rd6 Rc8 39. Rxg6 Rcc1 40. Rxf5+
Ke7 41. g4 Rg1+ 42. Kh3 1-0

[Event "XXVIII European Club Cup"]
[Site "Eilat ISR"]
[Date "2012.10.12"]
[Round "2"]
[White "Koykka, Pekka"]
[Black "Godena, Michele"]
[WhiteElo "2242"]
[BlackElo "2526"]
[Result "1/2-1/2"]
[PlyCount "82"]
[EventDate "2012.10.11"]

1. e4 e5 2. Nf3 Nc6 3. Bb5 a6 4. Ba4 Nf6 5. O-O b5 6. Bb3 Bc5 7. Nxe5 Nxe5 8.
d4 Bxd4 9. Qxd4 d6 10. f4 Nc6 11. Qc3 Bb7 12. e5 Ne4 13. Qe1 Nd4 14. Nc3 Nxb3
15. axb3 Nxc3 16. Qxc3 O-O 17. exd6 Qxd6 18. Be3 Rad8 19. Qc5 Qd7 20. Rf2 Rfe8
21. h3 Qc8 22. b4 Rd5 23. Qc3 Qd7 24. Kh2 h6 25. Rf3 Rd6 26. Rg3 Rg6 27. Rxg6
fxg6 28. Rf1 Re4 29. Rf2 Rc4 30. Qd2 Qxd2 31. Rxd2 Rxb4 32. Rd8+ Kf7 33. Rd7+
Ke6 34. Rxc7 Bd5 35. Rxg7 Be4 36. Re7+ Kxe7 37. Bc5+ Ke6 38. Bxb4 Bxc2 39. Kg3
Be4 40. Kf2 h5 41. g4 hxg4 1/2-1/2

[Event "XXVIII European Club Cup"]
[Site "Eilat ISR"]
[Date "2012.10.12"]
[Round "2"]
[White "Penttinen, Jarkko"]
[Black "Collutiis, Duilio"]
[WhiteElo "2258"]
[BlackElo "2501"]
[Result "1-0"]
[PlyCount "83"]
[EventDate "2012.10.11"]

1. d4 Nf6 2. Nf3 g6 3. g3 Bg7 4. Bg2 O-O 5. O-O d6 6. c4 Nbd7 7. Nc3 e5 8. h3
c6 9. e4 exd4 10. Nxd4 Qb6 11. Nde2 Nc5 12. Rb1 Re8 13. Be3 Qa6 14. e5 Rxe5 15.
Qxd6 Ne8 16. Qd2 Bf5 17. Rbd1 Qxc4 18. b3 Qb4 19. Bd4 Re6 20. g4 Bxd4 21. Qxd4
Qxd4 22. Nxd4 Bd3 23. Nxe6 fxe6 24. Rfe1 Ba6 25. Re5 Nd3 26. Rxe6 Kf7 27. Re3
Nf4 28. Rd7+ Kg8 29. g5 Ng7 30. Ne4 Ngh5 31. Nf6+ Nxf6 32. gxf6 Rf8 33. f7+ Kg7
34. Bf1 Nd5 35. Re8 Rxf7 36. Rxf7+ Kxf7 37. Rb8 Nc3 38. Bxa6 bxa6 39. Rb7+ Kf8
40. a4 Nd5 41. Rxa7 Nb4 42. Kg2 1-0

[Event "XXVIII European Club Cup"]
[Site "Eilat ISR"]
[Date "2012.10.13"]
[Round "3"]
[White "Efimov, Igor"]
[Black "Caspi, Israel"]
[WhiteElo "2420"]
[BlackElo "2451"]
[Result "0-1"]
[PlyCount "114"]
[EventDate "2012.10.11"]

1. d4 f5 2. g3 Nf6 3. Bg2 g6 4. c3 Bg7 5. Qb3 d5 6. Nd2 Nc6 7. Nh3 e6 8. Nf3
Qe7 9. Nf4 Ne4 10. h4 Bf6 11. Nd3 b6 12. Bh6 Bd7 13. Qc2 Rc8 14. Qc1 Nd8 15.
Nfe5 c5 16. Qe3 cxd4 17. cxd4 Nf7 18. Nxf7 Kxf7 19. O-O Rhd8 20. Bf4 Bb5 21.
Ne5+ Kg8 22. Rfc1 Qb4 23. f3 Nd6 24. b3 Nf7 25. Kh2 Qe7 26. Qd2 Nd6 27. a4 Be8
28. Bf1 Nb7 29. b4 Rxc1 30. Rxc1 Bxa4 31. e3 Nd6 32. b5 Bxb5 33. Bxb5 Nxb5 34.
Nc6 Qd7 35. Nxd8 Bxd8 36. Qc2 Kf7 37. Qa4 Ke8 38. Qa6 Kf7 39. Bb8 Be7 40. Rb1
Na3 41. Rb3 Nc4 42. Bxa7 Qc6 43. Rc3 Bb4 44. Rc2 Bd6 45. e4 Qc7 46. exd5 Bxg3+
47. Kh1 exd5 48. Qb5 Qb7 49. h5 Bd6 50. hxg6+ hxg6 51. Re2 Kg7 52. Bxb6 Qxb6
53. Qxd5 Qb3 54. Qe6 Qxf3+ 55. Kg1 Qg4+ 56. Kf1 Qf4+ 57. Kg2 Nd2 0-1

[Event "XXVIII European Club Cup"]
[Site "Eilat ISR"]
[Date "2012.10.13"]
[Round "3"]
[White "Godena, Michele"]
[Black "Baron, Tal"]
[WhiteElo "2526"]
[BlackElo "2454"]
[Result "1/2-1/2"]
[PlyCount "80"]
[EventDate "2012.10.11"]

1. e4 e5 2. Nf3 Nc6 3. Bb5 a6 4. Ba4 Nf6 5. d3 b5 6. Bb3 Bc5 7. a4 Rb8 8. axb5
axb5 9. Nc3 d6 10. Nd5 h6 11. c3 O-O 12. d4 exd4 13. cxd4 Nxd5 14. dxc5 Ndb4
15. cxd6 Re8 16. O-O Qxd6 17. Qxd6 cxd6 18. Bf4 Be6 19. Bxe6 Rxe6 20. Rad1 Rxe4
21. Bxd6 Ra8 22. Rc1 Re2 23. Bxb4 Nxb4 24. Rc5 Ra2 25. Rxb5 Raxb2 26. Nd4 Red2
27. Nf3 Rdc2 28. Rb8+ Kh7 29. Rb7 Nd3 30. Rxb2 Rxb2 31. Ne1 Nxe1 32. Rxe1 g6
33. h4 h5 34. g3 Kg7 35. Kg2 Ra2 36. Re3 Rb2 37. Re1 Ra2 38. Re3 Rb2 39. Re1
Ra2 40. Re3 Rb2 1/2-1/2

[Event "XXVIII European Club Cup"]
[Site "Eilat ISR"]
[Date "2012.10.13"]
[Round "3"]
[White "Kosashvili, Yona"]
[Black "Georgiev, Kiril D."]
[WhiteElo "2529"]
[BlackElo "2668"]
[Result "1-0"]
[PlyCount "119"]
[EventDate "2012.10.11"]

1. e4 e5 2. Nf3 Nc6 3. Bb5 Nf6 4. d3 Bc5 5. O-O d6 6. Be3 Bb6 7. Nbd2 O-O 8. h3
Ne7 9. d4 Ng6 10. c3 c6 11. Bd3 Re8 12. Re1 h6 13. Bf1 Bc7 14. Qc2 d5 15. dxe5
Nxe5 16. Nxe5 Bxe5 17. f4 d4 18. cxd4 Bxd4 19. Kh2 Bxe3 20. Rxe3 Qc7 21. g3 Bf5
22. Rae1 Bh7 23. Qc3 Rad8 24. Bg2 c5 25. Nc4 b5 26. e5 bxc4 27. exf6 Rxe3 28.
Rxe3 Qd6 29. fxg7 Qd4 30. Re5 Bd3 31. f5 Rd6 32. g4 Qf4+ 33. Kh1 Rd4 34. Qe1
Kxg7 35. Re8 Bc2 36. Qe5+ Qxe5 37. Rxe5 Rd1+ 38. Kh2 Rd2 39. Kg3 c3 40. bxc3
Rd3+ 41. Kf4 Rxc3 42. Re7 Kf6 43. Rxa7 Rc4+ 44. Ke3 Rd4 45. Rc7 Rd3+ 46. Ke2
Ra3 47. Bd5 Bd3+ 48. Kf2 c4 49. Bxf7 Kg5 50. Rc6 h5 51. Bxh5 Kf4 52. f6 Rxa2+
53. Ke1 Ke3 54. g5 Ra1+ 55. Bd1 Bg6 56. Rxc4 Bh5 57. Rg4 Bxg4 58. hxg4 Ra2 59.
f7 Rf2 60. g6 1-0

[Event "XXVIII European Club Cup"]
[Site "Eilat ISR"]
[Date "2012.10.13"]
[Round "3"]
[White "Liss, Eran"]
[Black "Bellini, Fabio"]
[WhiteElo "2464"]
[BlackElo "2492"]
[Result "0-1"]
[PlyCount "84"]
[EventDate "2012.10.11"]

1. e4 e6 2. d4 d5 3. Nd2 c5 4. dxc5 Bxc5 5. Bd3 Nc6 6. Ngf3 Nf6 7. Qe2 a6 8.
O-O Nb4 9. e5 Ng8 10. Nb3 Bb6 11. Be3 Ne7 12. Nfd4 Bd7 13. f4 Nxd3 14. cxd3 O-O
15. Rf3 Ba4 16. Nd2 Rc8 17. Qf2 Bxd4 18. Bxd4 Rc2 19. b3 Bd7 20. Qe1 Nf5 21.
Bf2 Qa5 22. Nf1 Qxe1 23. Bxe1 Rfc8 24. Rf2 Rc1 25. Rxc1 Rxc1 26. Bd2 Rd1 27. g4
Nh4 28. a4 d4 29. Re2 Rb1 30. b4 Bxa4 31. Kf2 Bd1 32. Re4 Bxg4 33. Rxd4 h5 34.
Ng3 Nf3 35. Rd8+ Kh7 36. Bc3 Nxh2 37. d4 h4 38. Ne4 Nf3 39. Rd7 Kg6 40. f5+
Bxf5 41. Kxf3 Bxe4+ 42. Kg4 Bf5+ 0-1

[Event "XXVIII European Club Cup"]
[Site "Eilat ISR"]
[Date "2012.10.14"]
[Round "4"]
[White "Georgiev, Kiril D."]
[Black "Byklum, Bjornar"]
[WhiteElo "2668"]
[BlackElo "2298"]
[Result "1-0"]
[PlyCount "91"]
[EventDate "2012.10.11"]

1. d4 d5 2. c4 e6 3. Nf3 c5 4. cxd5 exd5 5. g3 Nf6 6. Bg2 Nc6 7. O-O Be7 8.
dxc5 Bxc5 9. Nc3 O-O 10. Na4 Be7 11. Be3 Bg4 12. Rc1 Re8 13. Nc5 Qb6 14. Nd3 d4
15. Bg5 h6 16. Bf4 Nd5 17. Bd2 Rad8 18. a3 Bf6 19. Re1 Re7 20. Qc2 Rde8 21. Qc4
Be6 22. Qc5 Qd8 23. Qb5 a6 24. Qa4 Nb6 25. Qc2 Nc4 26. Nf4 Nxd2 27. Qxd2 Bf5
28. b4 Be4 29. Rc5 d3 30. Nxd3 Bxf3 31. Bxf3 Ne5 32. Rd1 Nxf3+ 33. exf3 Re2 34.
Qc1 Bd4 35. Rc2 Qd5 36. Kg2 g5 37. Ne1 g4 38. Rxe2 Rxe2 39. Qc8+ Kh7 40. Qxg4
Rxf2+ 41. Kh3 h5 42. Qxd4 Qe6+ 43. g4 hxg4+ 44. Kg3 Re2 45. Ng2 gxf3 46. Nf4
1-0

[Event "XXVIII European Club Cup"]
[Site "Eilat ISR"]
[Date "2012.10.14"]
[Round "4"]
[White "Harestad, Hans Krogh"]
[Black "Bellini, Fabio"]
[WhiteElo "2265"]
[BlackElo "2492"]
[Result "1/2-1/2"]
[PlyCount "91"]
[EventDate "2012.10.11"]

1. d4 e6 2. c4 b6 3. Nc3 Bb7 4. e4 Bb4 5. f3 Ne7 6. Bd3 O-O 7. Nge2 d5 8. cxd5
exd5 9. a3 dxe4 10. fxe4 Bxc3+ 11. bxc3 c5 12. O-O Nbc6 13. Be3 cxd4 14. cxd4
Qd7 15. Qa4 a6 16. Rac1 b5 17. Qb3 Rac8 18. Rc5 Na5 19. Qc3 Rxc5 20. Qxc5 f5
21. exf5 Nd5 22. Bf4 Nc4 23. Bxc4 bxc4 24. Qxc4 Qxf5 25. Ng3 Qg6 26. Be5 Rxf1+
27. Nxf1 h6 28. Qb3 Bc6 29. Ng3 Qg5 30. Qf3 Qe3+ 31. Qxe3 Nxe3 32. Nh5 g6 33.
Nf4 g5 34. Nd3 Nxg2 35. Nb4 Bb7 36. Nxa6 Bxa6 37. Kxg2 Kf7 38. a4 Ke6 39. a5
Kf5 40. Bg7 h5 41. Kf2 h4 42. d5 Bc4 43. d6 Ke6 44. Bf8 g4 45. Be7 Ba6 46. Bxh4
1/2-1/2

[Event "XXVIII European Club Cup"]
[Site "Eilat ISR"]
[Date "2012.10.14"]
[Round "4"]
[White "Sodtholt, Dag"]
[Black "Efimov, Igor"]
[WhiteElo "1954"]
[BlackElo "2420"]
[Result "0-1"]
[PlyCount "56"]
[EventDate "2012.10.11"]

1. c4 Nf6 2. g3 e5 3. Bg2 Nc6 4. Nc3 Bc5 5. Nf3 d6 6. O-O O-O 7. Na4 Re8 8. d3
h6 9. Nxc5 dxc5 10. b3 Bg4 11. Bb2 Qd7 12. Re1 Rad8 13. Nd2 b6 14. a3 a5 15.
Bc3 Nd4 16. Bxd4 exd4 17. Bf3 h5 18. Qb1 Re5 19. b4 cxb4 20. axb4 axb4 21. Qxb4
Rde8 22. Nf1 Qf5 23. Kg2 Bh3+ 24. Kg1 Rxe2 25. Bxe2 Rxe2 26. Rxe2 Qf3 27. Ne3
dxe3 28. fxe3 Qxe2 0-1

[Event "XXVIII European Club Cup"]
[Site "Eilat ISR"]
[Date "2012.10.14"]
[Round "4"]
[White "Valsecchi, Alessio"]
[Black "Rost, Bjorn"]
[WhiteElo "2415"]
[BlackElo "1974"]
[Result "1-0"]
[PlyCount "65"]
[EventDate "2012.10.11"]

1. e4 e5 2. Nf3 Nc6 3. Bc4 Nf6 4. d3 Bc5 5. h3 d6 6. c3 Qe7 7. b4 Bb6 8. Nbd2
a5 9. b5 Nd8 10. Bb3 Be6 11. a4 O-O 12. O-O Nd7 13. d4 Bxb3 14. Qxb3 Ne6 15.
Nc4 Qf6 16. Nxb6 Nxb6 17. Rd1 Rad8 18. Be3 Nc8 19. Ra2 Ne7 20. b6 c6 21. Rad2
Ng6 22. Kh2 Nh4 23. Nxh4 Qxh4 24. d5 cxd5 25. Qxd5 Rd7 26. g3 Qh5 27. Qxa5 Qf3
28. Qd5 g5 29. c4 h5 30. a5 Kh7 31. c5 Nf4 32. Bxf4 gxf4 33. Qd3 1-0

[Event "XXVIII European Club Cup"]
[Site "Eilat ISR"]
[Date "2012.10.15"]
[Round "5"]
[White "Efimov, Igor"]
[Black "Hauge, Lars Oskar"]
[WhiteElo "2420"]
[BlackElo "2174"]
[Result "1/2-1/2"]
[PlyCount "116"]
[EventDate "2012.10.11"]

1. d4 Nf6 2. Nf3 g6 3. g3 Bg7 4. Bg2 O-O 5. O-O d6 6. Re1 Nc6 7. e4 e5 8. c3
Bg4 9. Na3 exd4 10. cxd4 Re8 11. h3 Bxf3 12. Bxf3 d5 13. e5 Ne4 14. Bf4 f6 15.
exf6 Qxf6 16. Nb5 g5 17. Be3 Re7 18. Bg2 Rd8 19. Qb3 Kh8 20. Nc3 Nxc3 21. bxc3
Na5 22. Qb5 b6 23. Rad1 c6 24. Qd3 Rf8 25. f4 Qd6 26. Bc1 gxf4 27. Bxf4 Qf6 28.
Rf1 Qg6 29. Rf2 Nc4 30. Kh2 Rfe8 31. Qxg6 hxg6 32. Bg5 Re2 33. Rdf1 b5 34. h4
b4 35. cxb4 Bxd4 36. Rf8+ Rxf8 37. Rxf8+ Kg7 38. Rc8 Ne5 39. Rc7+ Kf8 40. Kh3
Rxa2 41. b5 Nd3 42. h5 Nf2+ 43. Kh4 Ra4 44. Rc8+ Kf7 45. g4 Bf6 46. Bf3 gxh5
47. Kxh5 Bxg5 48. Kxg5 cxb5 49. Kf5 Nh3 50. Rc7+ Kf8 51. Bxd5 Rf4+ 52. Ke5 Rxg4
53. Rf7+ Ke8 54. Rxa7 Ra4 55. Rb7 Ra6 56. Rxb5 Ng5 57. Kf5 Nf7 58. Rb8+ Nd8
1/2-1/2

[Event "XXVIII European Club Cup"]
[Site "Eilat ISR"]
[Date "2012.10.15"]
[Round "5"]
[White "Godena, Michele"]
[Black "Dolzhikova, Olga"]
[WhiteElo "2526"]
[BlackElo "2286"]
[Result "1/2-1/2"]
[PlyCount "109"]
[EventDate "2012.10.11"]

1. e4 e5 2. Nf3 Nf6 3. d4 Nxe4 4. dxe5 d5 5. Bd3 Be7 6. O-O Nc5 7. Be2 O-O 8.
Be3 Nc6 9. Nc3 Be6 10. Bb5 Nd7 11. Nxd5 Bxd5 12. Qxd5 Ndxe5 13. Bxc6 Nxc6 14.
Qb3 Qc8 15. Rad1 h6 16. Bf4 Bc5 17. c3 Bb6 18. Bg3 Rd8 19. Rxd8+ Qxd8 20. h3
Qe7 21. Re1 Qd7 22. Rd1 Qf5 23. Nd2 Na5 24. Qa4 Rd8 25. b4 Nc6 26. Nc4 Rxd1+
27. Qxd1 Qe6 28. Nxb6 cxb6 29. a4 Qc8 30. Qd6 Qd8 31. b5 Qxd6 32. Bxd6 Na5 33.
Kf1 Nc4 34. Bb8 a6 35. Bc7 axb5 36. axb5 Na3 37. Bxb6 Nxb5 38. Ba5 Kf8 39. Ke2
Ke8 40. Kd3 Kd7 41. g4 Ke6 42. Bb4 f5 43. f3 fxg4 44. fxg4 Nc7 45. Bf8 Kf7 46.
Bd6 Ne8 47. Be5 Ke6 48. Kd4 b6 49. c4 g6 50. Bb8 Nd6 51. Bc7 Nc8 52. h4 h5 53.
gxh5 gxh5 54. Bd8 Kd6 55. Bxb6 1/2-1/2

[Event "XXVIII European Club Cup"]
[Site "Eilat ISR"]
[Date "2012.10.15"]
[Round "5"]
[White "Mihajlov, Sebastian"]
[Black "Valsecchi, Alessio"]
[WhiteElo "2043"]
[BlackElo "2415"]
[Result "0-1"]
[PlyCount "68"]
[EventDate "2012.10.11"]

1. d4 Nf6 2. c4 g6 3. Nc3 Bg7 4. e4 d6 5. f4 O-O 6. Nf3 Na6 7. e5 Nd7 8. c5
dxc5 9. Bxa6 bxa6 10. d5 Nb6 11. Be3 c4 12. Qd4 Bb7 13. Rd1 Qd7 14. O-O Rad8
15. Qc5 Bxd5 16. Qa3 Qc6 17. Qxe7 Rd7 18. Qa3 Bxf3 19. Rxd7 Bxg2 20. Rxc7 Qxc7
21. Kxg2 Qb7+ 22. Kg1 Rd8 23. Qa5 Rd3 24. Rd1 Rxd1+ 25. Nxd1 Qf3 26. Qd2 Nd5
27. Qd4 h5 28. Bc1 Bf8 29. Nc3 Nxc3 30. bxc3 h4 31. Qe3 Qd5 32. Qe2 Bc5+ 33.
Be3 Qe4 34. Kf2 Qxf4+ 0-1

[Event "XXVIII European Club Cup"]
[Site "Eilat ISR"]
[Date "2012.10.15"]
[Round "5"]
[White "Persson, Mats"]
[Black "Collutiis, Duilio"]
[WhiteElo "2234"]
[BlackElo "2501"]
[Result "0-1"]
[PlyCount "114"]
[EventDate "2012.10.11"]

1. e4 c5 2. Nf3 e6 3. Nc3 Nc6 4. g3 g6 5. d4 cxd4 6. Nxd4 a6 7. Nxc6 bxc6 8.
Qd4 Qf6 9. e5 Qe7 10. Ne4 Qb4+ 11. Qxb4 Bxb4+ 12. Bd2 Bxd2+ 13. Kxd2 Ke7 14. f4
f5 15. Nd6 Nh6 16. c4 c5 17. Bg2 Rb8 18. Kc3 Nf7 19. Rad1 Rb6 20. Nxf7 Kxf7 21.
Rd6 Rb8 22. Bf3 h6 23. Rhd1 Ke7 24. R1d2 Rg8 25. Rg2 g5 26. Rgd2 Rg7 27. Rd1 g4
28. Bg2 h5 29. Kc2 h4 30. R6d3 Rh7 31. Ra3 Rb6 32. Ra5 hxg3 33. hxg3 Rh2 34.
Rd2 Bb7 35. Bxb7 Rxd2+ 36. Kxd2 Rxb2+ 37. Kc3 Rxb7 38. Rxa6 Rb1 39. Ra3 Rg1 40.
Kd2 Rg2+ 41. Kd1 Kd8 42. Kc1 Kc7 43. Kb1 Rf2 44. Rd3 Rf3 45. Kc2 Kb6 46. Rxd7
Rxg3 47. Rd6+ Kc7 48. Rxe6 Rf3 49. Re7+ Kd8 50. Rg7 Rxf4 51. e6 Rxc4+ 52. Kb3
Rb4+ 53. Kc3 Re4 54. Rd7+ Ke8 55. Rd5 Rf4 56. Rxc5 g3 57. Kd2 g2 0-1

[Event "XXVIII European Club Cup"]
[Site "Eilat ISR"]
[Date "2012.10.15"]
[Round "5"]
[White "Stubberud, Ornulf"]
[Black "Georgiev, Kiril D."]
[WhiteElo "2309"]
[BlackElo "2668"]
[Result "1/2-1/2"]
[PlyCount "173"]
[EventDate "2012.10.11"]

1. c4 Nf6 2. g3 c6 3. Nf3 d5 4. Qc2 dxc4 5. Qxc4 Be6 6. Qc2 g6 7. Bg2 Bg7 8.
O-O O-O 9. d3 a5 10. Bd2 Na6 11. a3 a4 12. Bc3 Bb3 13. Qc1 c5 14. Nbd2 Bd5 15.
e4 Be6 16. d4 cxd4 17. Nxd4 Nc5 18. Qc2 Qb6 19. Nxe6 Nxe6 20. e5 Nd7 21. Qe4
Rfd8 22. Qxb7 Qxb7 23. Bxb7 Rab8 24. Bc6 Nxe5 25. Bxe5 Bxe5 26. Nc4 Bxb2 27.
Rab1 Rdc8 28. Nxb2 Rxc6 29. Nxa4 Ra8 30. Rb4 Ra5 31. Re1 Rca6 32. Ree4 Kg7 33.
Kg2 f5 34. Rec4 Kf7 35. h4 h5 36. Kg1 Ra7 37. Kg2 R7a6 38. Kg1 Rd6 39. Rc3 Rd4
40. Rxd4 Nxd4 41. Rc4 Nf3+ 42. Kg2 Nd2 43. Rb4 Ne4 44. Rc4 Nd6 45. Rb4 Ra7 46.
Kg1 Rc7 47. Rb2 Rc1+ 48. Kg2 Ra1 49. Rb3 Nc4 50. Nb6 Nxa3 51. Nd5 Nc4 52. Rb7
Re1 53. Rc7 Nd6 54. Rd7 Nb5 55. Rb7 Nd4 56. Nf4 Rc1 57. Nd5 Re1 58. Nf4 Nc6 59.
Rb6 Ne5 60. Re6 Re4 61. Kf1 Nc4 62. Rxe4 Nd2+ 63. Kg2 fxe4 64. Nd5 Ke6 65. Nf4+
Kf5 66. Nd5 e6 67. Nf4 Nc4 68. Kf1 Nb6 69. Ke2 Nd5 70. Ng2 Ke5 71. Ne1 Ne7 72.
Ke3 Nf5+ 73. Ke2 e3 74. Nd3+ Ke4 75. Nf4 Nd4+ 76. Ke1 e5 77. Nxg6 e2 78. Kd2
Kf5 79. Ne7+ Kg4 80. Ng6 e4 81. Ne5+ Kh3 82. Nc4 Kg4 83. Ne5+ Kh3 84. Nc4 Kg4
85. Ne5+ Kf5 86. Nc4 Kg4 87. Ne5+ 1/2-1/2

[Event "XXVIII European Club Cup"]
[Site "Eilat ISR"]
[Date "2012.10.16"]
[Round "6"]
[White "Collutiis, Duilio"]
[Black "Naylor, John"]
[WhiteElo "2501"]
[BlackElo "2144"]
[Result "1/2-1/2"]
[PlyCount "78"]
[EventDate "2012.10.11"]

1. g3 Nf6 2. Bg2 g6 3. e4 d6 4. d4 Bg7 5. Ne2 O-O 6. Nbc3 Nc6 7. h3 e5 8. Be3
exd4 9. Nxd4 Nxd4 10. Bxd4 c6 11. O-O Be6 12. Re1 Qa5 13. Qd2 Rad8 14. Rad1 Nh5
15. Re3 Bxd4 16. Qxd4 Ng7 17. Red3 f5 18. Qe3 fxe4 19. Nxe4 d5 20. Qg5 Rf5 21.
Qh4 Rdf8 22. g4 Rf4 23. Ng5 h5 24. Nxe6 Nxe6 25. Qe7 Ng7 26. Qg5 Rxf2 27. Qxg6
Qc5 28. Kh1 h4 29. R3d2 Rxd2 30. Rxd2 Qe3 31. Rd1 Rf2 32. Rg1 Qe2 33. Qg5 Qxc2
34. Qd8+ Rf8 35. Qxh4 Qxb2 36. Qe7 Rf7 37. Qd8+ Rf8 38. Qe7 Rf7 39. Qd8+ Rf8
1/2-1/2

[Event "XXVIII European Club Cup"]
[Site "Eilat ISR"]
[Date "2012.10.16"]
[Round "6"]
[White "Galego, Luis"]
[Black "Georgiev, Kiril D."]
[WhiteElo "2485"]
[BlackElo "2668"]
[Result "1/2-1/2"]
[PlyCount "129"]
[EventDate "2012.10.11"]

1. e4 c5 2. Nf3 d6 3. Nc3 Nf6 4. g3 g6 5. Bg2 Bg7 6. O-O Nc6 7. d3 O-O 8. Ng5
Rb8 9. f4 Nd4 10. Nd5 Nxd5 11. exd5 b5 12. c3 Nf5 13. Qe1 h6 14. Ne4 e6 15.
dxe6 Bxe6 16. g4 Ne7 17. Bh3 f5 18. Nxc5 dxc5 19. Qxe6+ Kh7 20. g5 Qxd3 21.
gxh6 Qxh3 22. hxg7 Rfe8 23. Qe3 Qg4+ 24. Qg3 Qxg3+ 25. hxg3 Nd5 26. Bd2 Kxg7
27. Rfe1 Kf7 28. a4 bxa4 29. Rxa4 Rxb2 30. Rxa7+ Kf8 31. Rxe8+ Kxe8 32. Be1 Ne3
33. c4 Rg2+ 34. Kh1 Rc2 35. Kg1 Kf8 36. Rc7 Rxc4 37. Rxc5 Ra4 38. Bd2 Ng4 39.
Bc3 Ra2 40. Bd4 Kf7 41. Rc6 Rd2 42. Be5 Re2 43. Bd4 Ra2 44. Rb6 Ra4 45. Be5 Ra3
46. Kg2 Rd3 47. Rb7+ Ke6 48. Rb6+ Kd5 49. Rd6+ Ke4 50. Rxd3 Kxd3 51. Kf3 Kd2
52. Bd4 Ke1 53. Kg2 Ke2 54. Kh3 Kf3 55. Kh4 Kg2 56. Bb6 Nh2 57. Kg5 Kxg3 58.
Kxg6 Kg4 59. Kf6 Nf3 60. Bc7 Nh4 61. Ke5 Ng6+ 62. Kd4 Nxf4 63. Bb8 Ng2 64. Bc7
Kf3 65. Bb8 1/2-1/2